000 007770000a22001210004500
100 1 _aSimpson, Charles
245 1 0 _aLa medida del éxito : ¿Quién es el modelo de superación más grande en la historia?
300 _aVol.4, núm.13 (1998), Páginas 194-196
500 _aCharles Simpson es maestro con un ministerio internacional y director de la revista Christian Conquest.
520 _aLa verdadera grandeza de Jesús se reflejaba en su servicio. La mayoría de la gente quiere cosechar sin sembrar. Jesús sembró la semilla preciosa. La lección es que hay que dar antes de recibir. ¿Cómo quiere usted que Dios le mida su bendición. con una pala o con una cuchara? La mayordomía de Jesús. ¿Qué dice Jesús?
773 0 _tConquista Cristiana
942 _cANA
999 _c60674
_d60674